| 000 | 01356nam a2200373 i 4500 | ||
|---|---|---|---|
| 001 | 000006718 | ||
| 003 | DO-SdBNP | ||
| 005 | 20260225130329.0 | ||
| 007 | ta | ||
| 008 | 090902s2000 dr a 000 0 spa d | ||
| 040 |
_aDO-SdBNP _bspa _cBNPHU _erda |
||
| 041 | _aspa | ||
| 082 | 4 |
_a170 _bR466l _222 |
|
| 100 | 1 |
_aReynoso, Pura, _4aut. _eautor _918695 |
|
| 245 | 1 | 0 |
_aLegislación y ética profesional / _cPura Reynoso, Norma Molina. |
| 264 | 1 |
_aSanto Domingo : _bSEEC, _c2000. |
|
| 300 |
_a134 páginas : _bilustraciones ; _c28 cm. |
||
| 336 |
_atexto _btxt _2rdacontent |
||
| 337 |
_asin mediación _bn _2rdamedia |
||
| 338 |
_avolumen _bnc _2rdacarrier |
||
| 504 | _aBibliografía : páginas 135 | ||
| 650 | 7 |
_aÉtica profesional _xLegislación _2LIBRUNAM _9751 |
|
| 650 | 7 |
_aÉtica profesional _2LIBRUNAM _9751 |
|
| 650 | 4 |
_aÉtica del empleado _91997 |
|
| 650 | 7 |
_aConducta de vida _2LIBRUNAM _911947 |
|
| 650 | 4 |
_aEducación moral _91607 |
|
| 650 | 7 |
_aÉtica _xEnseñanza _2LIBRUNAM _9509 |
|
| 650 | 4 |
_aAdministración de personal _91581 |
|
| 650 | 4 |
_aValores (Filosofía) _9604 |
|
| 700 | 1 |
_aMolina, Norma, _eautor _4aut. _918696 |
|
| 710 | 1 |
_aRepública Dominicana. _bSecretaría de Estado de Educación y Cultura _eDirección General de Educación Técnica y Profesional _918697 |
|
| 910 | _aValidado. Control de calidad BNPHU | ||
| 942 |
_2ddc _cLBS1 |
||
| 999 |
_c6507 _d6507 |
||